Účtovníctvo Základy podvojného účtovníctva pre podnikateľov

Bibliographic Details
Main Author: Soukupová, Božena, 1938- (Author)
Format: Book
Language:Slovak
PhysicalDescription:151 s. tab., sch. 20 cm
Published: Bratislava Sofa 1992
ISBN:808575200X
Edition:1. vyd., [dotl.]
Series:Edícia pre ekonomické a hospodárske poradenstvo
Subjects:
AMR

MARC

LEADER 00000nam a2200000 a 4500
001 vtls001070169
003 SK-MaSNL
005 20260301110926.0
008 250414s1993 xo f 00000 slo
015 |a SNBA1993/01 
020 |a 808575200X  |q (brož.) 
035 |a SNK000013000 
040 |a SNK  |b slo  |c SNK  |e AACR2 
041 0 |a slo 
044 |a xo  |c SK 
080 |a 657.12(035)  |2 1981 
100 1 |a Soukupová, Božena,  |d 1938-  |4 aut  |9 39562 
245 1 0 |a Účtovníctvo  |b Základy podvojného účtovníctva pre podnikateľov  |c B. Soukupová 
250 |a 1. vyd., [dotl.] 
260 |a Bratislava  |b Sofa  |c 1992  |g 1993  |e [Bratislava]  |f TYPO Šaling 
300 |a 151 s.  |b tab., sch.  |c 20 cm 
490 1 |a Edícia pre ekonomické a hospodárske poradenstvo 
506 |a 3000 výtl. 
655 7 |a AMR  |2 SNK  |9 277565 
830 0 |a Edícia pre ekonomické a hospodárske poradenstvo  |9 305690 
852 |a Slovenská národná knižnica 
919 |a 80-85752-00-X 
954 |a účtovníctvo podvojné 
958 |a TL 
999 |c 704813  |d 706743 
952 |a SNK  |b SNK  |y PREZ  |7 0  |p 17A0466324  |o snkSD 64804  |i snkKSP 10116/92  |0 0  |1 0  |4 0  |d 2005-04-12  |l 0  |r 2026-02-23 21:12:19  |w 2026-02-23 
952 |a SNK  |b SNK  |y VYP  |7 0  |p 17A1376438  |o snkSD 64804 D1  |i snk2019/22202  |8 7  |0 0  |1 0  |4 0  |d 2019-09-09  |l 0  |r 2026-02-23 21:12:19  |w 2026-02-23